Indian women : (Record no. 137770)

MARC details
000 -LEADER
fixed length control field 00590nam a22001817a 4500
005 - DATE AND TIME OF LATEST TRANSACTION
control field 20170222130125.0
010 ## - LCCN (DPL NO)
LC control number ENG-117298
020 ## - INTERNATIONAL STANDARD BOOK NUMBER
International Standard Book Number 9789383252664
Terms of availability 650.00
037 ## - SOURCE OF ACQUISITION
Source of stock number/acquisition DBAD/PUB
082 ## - DEWEY DECIMAL CLASSIFICATION NUMBER
Classification number 305.42
245 ## - TITLE STATEMENT
Title Indian women :
Remainder of title socio economic and gender perspectives /
Statement of responsibility, etc edited by Sushanta Kumar Kashyap
260 ## - PUBLICATION, DISTRIBUTION, ETC. (IMPRINT)
Place of publication, distribution, etc EBH (Eastren Book House)
Name of publisher, distributor, etc Guwahti
Date of publication, distribution, etc 2015
270 ## - ADDRESS
Address 136,M.N. Road,Panbazar,
City Guwahti
Postal code 781001
300 ## - PHYSICAL DESCRIPTION
Extent x,152p. :
Other physical details ill
Dimensions 22cm(Hb)
500 ## - GENERAL NOTE
General note Includes index
700 ## - ADDED ENTRY--PERSONAL NAME
Personal name Kashyap,Sushanta Kumar
942 ## - ADDED ENTRY ELEMENTS (KOHA)
Source of classification or shelving scheme Dewey Decimal Classification
Item type English Books
Classification part 305.42
Call number suffix KAS

No items available.


© Delhi Public Library
Hit Counter
free hit counter